000 00667nam a2200253Ia 4500
003 OSt
005 20220924144825.0
006 a|||||r|||| 00| 0
007 ta
008 220923b |||||||| |||| 00| 0 urd d
024 _a322235
037 _cTextual
040 _aARTS
_cARTS
_burd
041 _2urd
_aurd
082 _aT0aQ7, 168F3
100 _aRoy S.C. Au.
_9218518
245 0 _aIslami tehzeeb aur qaumi taleem
260 _c1923
650 _a ISLAM
_9577
650 _aEDUCATION
700 _a Muslim Mohammad Tr.
_9218519
942 _hT0aQ7, 168F3
_cTEXL
_2CC
999 _c458386
_d458386